2026-27 UEFA Nations League B Teams - Statistics

General Stats
  • This quiz has been taken 172 times
    24 since last reset
  • The average score is 14 of 16
Answer Stats
Team Group % Correct
Republic of Ireland B3
100%
Sweden B4
100%
Bosnia and Herzegovina B4
96%
Slovenia B1
96%
Hungary B2
91%
Kosovo B3
91%
North Macedonia B1
91%
Romania B4
91%
Scotland B1
91%
Austria B3
87%
Northern Ireland B2
87%
Georgia B2
83%
Ukraine B2
83%
Poland B4
78%
Switzerland B1
78%
Israel B3
65%
No matching quizzes found
Score Distribution
Percent of People with Each Score
Percentile by Number Answered
Your Score History
You have not taken this quiz since the last reset